000 00487nam a22001697a 4500
005 20251108164108.0
008 250721s1997 xx 000 0 ara d
082 1 4 _a811.01/خنس
100 1 _aخنسة، وفيق
245 1 0 _aالآفاق القصية قراءة في المعلقات /
264 1 _aاللاذقية :
_bدار نون،
_c1997.
300 _a205ص
650 1 7 _aالشعر العربي
650 1 7 _aالعصر الجاهلي
942 _2ddc
_cBK
999 _c3514
_d3514